| 000 | 00805cab a2200229 4500 | ||
|---|---|---|---|
| 001 | ABS57072 | ||
| 008 | 090401t1997 xxu||||| |||| 00| 0 eng d | ||
| 035 | _a(Sirsi) u98500 | ||
| 041 | _aeng | ||
| 100 | _aBrewer, G. | ||
| 245 | _aWhen does a letter of intent create liability? | ||
| 260 | _c1997 | ||
| 350 | _a0 | ||
| 490 |
_aContract Journal _v389(6128) 4 June 1997, 24(1) |
||
| 520 | _aDiscusses usage of letters of intent in the construction industry. Considers whether they give rise to liability or not. Case studies. | ||
| 650 | _aBRITISH STEEL CORPORATION V CLEVELAND BRIDGE & ENGINEERING CO | ||
| 650 | _aKITSONS INSULATION CONTRACTORS V BALFOUR BEATTY BUILDING | ||
| 650 | _aLIABILITY | ||
| 690 | _aBUILT ENVIRONMENT-BUILDING CONTRACT FORMS | ||
| 942 | _n0 | ||
| 948 | _c17/06/1997 | ||
| 999 |
_c59883 _d59883 |
||